[Event "DEM U18 2025"]
[Site "Willingen GER"]
[Date "2025.06.10"]
[Round "4"]
[White "Semling, Julius"]
[Black "Deschler, Arne"]
[Result "1-0"]
[Termination "normal"]
[Board "11"]
[WhiteElo "2199"]
[BlackElo "2055"]
[WhiteClock "00:10:35"]
[BlackClock "00:12:11"]
[PlyCount "62"]
[WhiteFideId "16290160"]
[BlackFideId "16274415"]
[EventCountry "GER"]
[EventRounds "9"]
[EventType "swiss"]
[EventDate "2025.06.07"]

1. e4 {[%clk 01:30:58]} {[%emt 00:00:02]} c6 {[%clk 01:30:58]} {[%emt
00:00:02]} 2. d4 {[%clk 01:31:18]} {[%emt 00:00:10]} d5 {[%clk 01:31:24]}
{[%emt 00:00:03]} 3. e5 {[%clk 01:31:39]} {[%emt 00:00:09]} Bf5 {[%clk
01:31:49]} {[%emt 00:00:05]} 4. Nf3 {[%clk 01:31:57]} {[%emt 00:00:13]} e6
{[%clk 01:32:14]} {[%emt 00:00:04]} 5. Be2 {[%clk 01:32:12]} {[%emt 00:00:15]}
c5 {[%clk 01:32:24]} {[%emt 00:00:21]} 6. c3 {[%clk 01:32:14]} {[%emt
00:00:27]} Nc6 {[%clk 01:32:46]} {[%emt 00:00:06]} 7. O-O {[%clk 01:32:05]}
{[%emt 00:00:40]} Bg6 {[%clk 01:33:13]} {[%emt 00:00:04]} 8. Be3 {[%clk
01:29:27]} {[%emt 00:03:07]} cxd4 {[%clk 01:32:38]} {[%emt 00:01:06]} 9. cxd4
{[%emt 00:07:21]} Nge7 {[%clk 01:28:02]} {[%emt 00:04:54]} 10. Nh4 {[%clk
01:18:19]} {[%emt 00:04:59]} Ng8 {[%clk 01:06:16]} {[%emt 00:22:16]} 11. Qb3
{[%clk 01:03:51]} {[%emt 00:14:58]} Qb6 {[%clk 00:53:02]} {[%emt 00:13:44]} 12.
Qxb6 {[%clk 00:55:29]} {[%emt 00:08:52]} axb6 {[%clk 00:53:30]} {[%emt
00:00:02]} 13. Nc3 {[%clk 00:54:43]} {[%emt 00:01:16]} Be7 {[%clk 00:46:20]}
{[%emt 00:07:40]} 14. Nxg6 {[%clk 00:52:58]} {[%emt 00:02:14]} hxg6 {[%clk
00:46:41]} {[%emt 00:00:09]} 15. f4 {[%clk 00:48:52]} {[%emt 00:04:37]} f5
{[%clk 00:41:39]} {[%emt 00:05:33]} 16. h3 {[%clk 00:44:05]} {[%emt 00:05:16]}
Kd7 {[%clk 00:37:25]} {[%emt 00:04:45]} 17. Bf3 {[%clk 00:38:09]} {[%emt
00:06:25]} Nh6 {[%clk 00:34:56]} {[%emt 00:02:59]} 18. g4 {[%clk 00:34:01]}
{[%emt 00:04:38]} Nf7 {[%clk 00:33:23]} {[%emt 00:02:02]} 19. Kg2 {[%clk
00:32:12]} {[%emt 00:02:19]} Rh7 {[%clk 00:29:41]} {[%emt 00:04:14]} 20. a3
{[%clk 00:22:04]} {[%emt 00:10:37]} Na5 {[%clk 00:27:10]} {[%emt 00:03:01]} 21.
Nxd5 {[%clk 00:16:39]} {[%emt 00:05:54]} exd5 22. Bxd5 {[%clk 00:17:08]} Nd8
{[%clk 00:24:51]} {[%emt 00:01:13]} 23. b4 {[%clk 00:16:31]} {[%emt 00:01:07]}
Nac6 {[%clk 00:24:15]} {[%emt 00:01:06]} 24. Bc4 {[%clk 00:14:45]} {[%emt
00:02:16]} Na7 {[%clk 00:17:15]} {[%emt 00:07:31]} 25. d5 {[%clk 00:13:58]}
{[%emt 00:01:17]} Rc8 {[%clk 00:15:55]} {[%emt 00:01:49]} 26. Rac1 {[%clk
00:13:03]} {[%emt 00:01:25]} b5 {[%clk 00:13:41]} {[%emt 00:02:44]} 27. Bd3
{[%clk 00:12:44]} {[%emt 00:00:49]} fxg4 {[%clk 00:11:24]} {[%emt 00:02:47]}
28. Bxa7 {[%clk 00:11:19]} {[%emt 00:01:55]} gxh3+ {[%clk 00:11:52]} {[%emt
00:00:03]} 29. Kh2 {[%clk 00:11:47]} {[%emt 00:00:01]} Rxc1 {[%clk 00:12:01]}
{[%emt 00:00:21]} 30. Rxc1 {[%clk 00:12:16]} {[%emt 00:00:01]} Bh4 {[%clk
00:11:18]} {[%emt 00:01:13]} 31. Bxb5+ {[%clk 00:10:35]} {[%emt 00:02:12]} Ke7
{[%clk 00:12:11]} 1-0

[Event "DEM U18 2025"]
[Site "Willingen GER"]
[Date "2025.06.10"]
[Round "4"]
[White "Hanmuradov, Ülwi"]
[Black "Rempe, Jonas"]
[Result "0-1"]
[Termination "normal"]
[Board "12"]
[BlackTitle "CM"]
[WhiteElo "1790"]
[BlackElo "2135"]
[WhiteClock "00:08:25"]
[BlackClock "00:19:52"]
[PlyCount "57"]
[WhiteFideId "34658840"]
[BlackFideId "16202406"]
[EventCountry "GER"]
[EventRounds "9"]
[EventType "swiss"]
[EventDate "2025.06.07"]

1. d4 {[%clk 01:30:56]} {[%emt 00:00:04]} Nf6 {[%clk 01:30:55]} {[%emt
00:00:06]} 2. c4 {[%clk 01:31:17]} {[%emt 00:00:09]} g6 {[%clk 01:31:20]}
{[%emt 00:00:04]} 3. Nc3 {[%clk 01:31:32]} {[%emt 00:00:15]} Bg7 {[%clk
01:31:46]} {[%emt 00:00:04]} 4. e4 {[%clk 01:31:55]} {[%emt 00:00:07]} d6
{[%clk 01:32:13]} {[%emt 00:00:04]} 5. f3 {[%clk 01:32:06]} {[%emt 00:00:19]}
O-O {[%clk 01:32:38]} {[%emt 00:00:05]} 6. Be3 {[%clk 01:32:25]} {[%emt
00:00:10]} e5 {[%clk 01:31:47]} {[%emt 00:01:21]} 7. d5 {[%clk 01:32:33]}
{[%emt 00:00:23]} Nbd7 {[%clk 01:32:02]} {[%emt 00:00:16]} 8. Qd2 {[%clk
01:30:05]} {[%emt 00:02:58]} Nh5 {[%clk 01:22:27]} {[%emt 00:10:04]} 9. O-O-O
{[%clk 01:15:18]} {[%emt 00:15:16]} a6 {[%clk 01:17:01]} {[%emt 00:05:57]} 10.
g4 {[%clk 01:06:57]} {[%emt 00:08:51]} Nf4 {[%clk 01:17:25]} {[%emt 00:00:06]}
11. Nge2 {[%clk 01:05:20]} {[%emt 00:02:06]} b5 {[%clk 01:10:32]} {[%emt
00:07:23]} 12. Nxf4 {[%clk 00:57:02]} {[%emt 00:08:48]} exf4 {[%clk 01:07:17]}
{[%emt 00:03:45]} 13. Bxf4 {[%clk 00:56:53]} {[%emt 00:00:39]} bxc4 {[%clk
00:54:47]} {[%emt 00:13:00]} 14. Bxc4 {[%clk 00:51:04]} {[%emt 00:06:19]} Nb6
{[%clk 00:54:09]} {[%emt 00:01:08]} 15. Bb3 {[%clk 00:46:18]} {[%emt 00:05:17]}
Re8 {[%clk 00:49:25]} {[%emt 00:05:14]} 16. Bg5 {[%clk 00:41:03]} {[%emt
00:05:46]} Qd7 {[%clk 00:47:27]} {[%emt 00:02:26]} 17. Be3 {[%clk 00:40:40]}
{[%emt 00:00:52]} a5 {[%clk 00:46:11]} {[%emt 00:01:48]} 18. a4 {[%clk
00:36:08]} {[%emt 00:05:01]} Ba6 {[%clk 00:40:55]} {[%emt 00:05:47]} 19. Bd4
{[%clk 00:33:30]} {[%emt 00:03:08]} Bxd4 {[%clk 00:39:31]} {[%emt 00:01:54]}
20. Qxd4 {[%clk 00:33:34]} {[%emt 00:00:26]} Qe7 {[%clk 00:37:48]} {[%emt
00:02:12]} 21. h4 {[%clk 00:29:29]} {[%emt 00:04:35]} Reb8 {[%clk 00:37:31]}
{[%emt 00:00:48]} 22. h5 {[%clk 00:27:10]} {[%emt 00:02:49]} Nd7 {[%clk
00:36:42]} {[%emt 00:01:19]} 23. Bc2 {[%clk 00:22:59]} {[%emt 00:04:41]} Ne5
{[%clk 00:35:15]} {[%emt 00:01:56]} 24. h6 {[%clk 00:22:56]} {[%emt 00:00:32]}
Rb4 {[%clk 00:34:46]} {[%emt 00:01:00]} 25. Qf2 {[%clk 00:19:13]} {[%emt
00:04:13]} Rab8 {[%clk 00:27:54]} {[%emt 00:07:23]} 26. b3 {[%clk 00:16:38]}
{[%emt 00:03:05]} Qf6 {[%clk 00:27:42]} {[%emt 00:00:41]} 27. f4 {[%clk
00:13:15]} {[%emt 00:03:53]} Nxg4 {[%clk 00:20:45]} {[%emt 00:07:28]} 28. Qd2
{[%clk 00:08:25]} {[%emt 00:05:20]} Nf2 {[%clk 00:19:52]} {[%emt 00:01:22]} 29.
e5 {[%emt 00:06:32]} 0-1

[Event "DEM U18 2025"]
[Site "Willingen GER"]
[Date "2025.06.10"]
[Round "4"]
[White "Isbilir, Levin"]
[Black "Stichter, Constantin Paul"]
[Result "0-1"]
[Termination "normal"]
[Board "13"]
[BlackTitle "CM"]
[WhiteElo "2118"]
[BlackElo "2216"]
[WhiteClock "00:05:52"]
[BlackClock "00:12:02"]
[PlyCount "48"]
[WhiteFideId "16267192"]
[BlackFideId "34603140"]
[EventCountry "GER"]
[EventRounds "9"]
[EventType "swiss"]
[EventDate "2025.06.07"]

1. e4 {[%clk 01:30:57]} {[%emt 00:00:02]} e6 {[%clk 01:30:59]} {[%emt
00:00:02]} 2. d4 {[%clk 01:31:22]} {[%emt 00:00:05]} d5 {[%clk 01:31:27]}
{[%emt 00:00:03]} 3. e5 {[%clk 01:31:37]} {[%emt 00:00:14]} c5 {[%clk
01:31:53]} {[%emt 00:00:04]} 4. c3 {[%clk 01:32:02]} {[%emt 00:00:04]} Nc6
{[%clk 01:32:21]} {[%emt 00:00:03]} 5. Nf3 {[%clk 01:32:22]} {[%emt 00:00:09]}
Bd7 {[%clk 01:32:47]} {[%emt 00:00:05]} 6. Be2 {[%clk 01:32:34]} {[%emt
00:00:18]} f6 {[%clk 01:33:13]} {[%emt 00:00:04]} 7. O-O {[%clk 01:32:35]}
{[%emt 00:00:28]} fxe5 {[%clk 01:33:13]} {[%emt 00:00:31]} 8. Nxe5 {[%clk
01:32:37]} {[%emt 00:00:27]} Nxe5 {[%clk 01:33:41]} {[%emt 00:00:02]} 9. dxe5
{[%clk 01:33:01]} {[%emt 00:00:06]} Qc7 {[%clk 01:34:06]} {[%emt 00:00:05]} 10.
Re1 {[%clk 01:32:23]} {[%emt 00:01:08]} Ne7 {[%clk 01:29:07]} {[%emt 00:05:30]}
11. c4 {[%clk 01:21:04]} {[%emt 00:11:49]} d4 {[%clk 01:25:06]} {[%emt
00:04:31]} 12. Bf4 {[%clk 01:15:01]} {[%emt 00:06:32]} Nf5 {[%clk 01:23:15]}
{[%emt 00:02:21]} 13. Nd2 {[%clk 00:52:55]} {[%emt 00:22:37]} Bc6 {[%clk
01:22:23]} {[%emt 00:01:21]} 14. Bd3 {[%clk 00:44:46]} {[%emt 00:08:40]} O-O-O
{[%clk 01:18:23]} {[%emt 00:04:29]} 15. a3 {[%clk 00:40:29]} {[%emt 00:04:47]}
a5 {[%clk 01:03:01]} {[%emt 00:15:53]} 16. Ne4 {[%clk 00:34:25]} {[%emt
00:06:34]} h6 {[%clk 00:56:31]} {[%emt 00:07:00]} 17. b4 {[%clk 00:31:45]}
{[%emt 00:03:11]} g5 {[%clk 00:44:21]} {[%emt 00:12:39]} 18. Bd2 {[%clk
00:31:21]} {[%emt 00:00:53]} Bg7 {[%clk 00:10:50]} {[%emt 00:34:01]} 19. Nxc5
{[%clk 00:24:37]} {[%emt 00:07:13]} Bxe5 {[%clk 00:11:19]} {[%emt 00:00:03]}
20. Nxe6 {[%clk 00:17:55]} {[%emt 00:07:11]} Bxh2+ {[%clk 00:11:37]} {[%emt
00:00:12]} 21. Kh1 {[%clk 00:18:11]} {[%emt 00:00:15]} Ng3+ {[%clk 00:11:59]}
{[%emt 00:00:08]} 22. fxg3 {[%clk 00:18:11]} {[%emt 00:00:30]} Qxg3 {[%clk
00:12:26]} {[%emt 00:00:03]} 23. Be4 {[%clk 00:07:33]} {[%emt 00:11:08]} Qh4
{[%clk 00:12:02]} {[%emt 00:00:54]} 24. Bf5 {[%clk 00:05:52]} {[%emt 00:02:11]}
Bg3+ {[%emt 00:04:57]} 0-1

[Event "DEM U18 2025"]
[Site "Willingen GER"]
[Date "2025.06.10"]
[Round "4"]
[White "Eitel, Luc"]
[Black "Lippitz, Jaden"]
[Result "1-0"]
[Termination "normal"]
[Board "14"]
[WhiteElo "1935"]
[BlackElo "1828"]
[WhiteClock "00:03:19"]
[BlackClock "00:37:39"]
[PlyCount "79"]
[WhiteFideId "16299728"]
[BlackFideId "34608893"]
[EventCountry "GER"]
[EventRounds "9"]
[EventType "swiss"]
[EventDate "2025.06.07"]

1. e4 {[%clk 01:30:54]} {[%emt 00:00:06]} c5 {[%clk 01:30:55]} {[%emt
00:00:06]} 2. Nf3 {[%clk 01:31:19]} {[%emt 00:00:04]} d6 {[%clk 01:31:20]}
{[%emt 00:00:06]} 3. d4 {[%clk 01:31:45]} {[%emt 00:00:04]} cxd4 {[%clk
01:31:45]} {[%emt 00:00:05]} 4. Nxd4 {[%clk 01:32:11]} {[%emt 00:00:03]} Nf6
{[%clk 01:32:09]} {[%emt 00:00:06]} 5. Nc3 {[%clk 01:32:37]} {[%emt 00:00:04]}
g6 {[%clk 01:32:35]} {[%emt 00:00:05]} 6. Be3 {[%clk 01:32:09]} {[%emt
00:00:57]} Bg7 {[%clk 01:32:59]} {[%emt 00:00:07]} 7. f3 {[%clk 01:28:51]}
{[%emt 00:03:48]} O-O {[%clk 01:33:19]} {[%emt 00:00:10]} 8. Qd2 {[%clk
01:29:11]} {[%emt 00:00:09]} Nc6 {[%clk 01:33:28]} {[%emt 00:00:21]} 9. O-O-O
{[%clk 01:27:55]} {[%emt 00:01:46]} d5 {[%clk 01:30:26]} {[%emt 00:03:32]} 10.
exd5 {[%clk 01:22:08]} {[%emt 00:06:17]} Nxd5 {[%clk 01:29:08]} {[%emt
00:01:48]} 11. Nxc6 {[%clk 01:20:16]} {[%emt 00:02:22]} bxc6 {[%clk 01:29:26]}
{[%emt 00:00:13]} 12. Nxd5 {[%clk 01:20:25]} {[%emt 00:00:21]} cxd5 {[%clk
01:29:34]} {[%emt 00:00:22]} 13. Qxd5 {[%clk 01:17:54]} {[%emt 00:03:00]} Qc7
{[%clk 01:24:22]} {[%emt 00:05:43]} 14. Qc5 {[%clk 01:00:35]} {[%emt 00:17:36]}
Qb7 {[%clk 01:23:33]} {[%emt 00:01:31]} 15. Bd4 {[%clk 00:54:37]} {[%emt
00:06:28]} Bf5 {[%clk 01:21:30]} {[%emt 00:02:32]} 16. Qa3 {[%clk 00:23:13]}
{[%emt 00:31:54]} e5 {[%clk 01:12:33]} {[%emt 00:09:27]} 17. Bc3 {[%clk
00:19:41]} {[%emt 00:04:02]} Rfc8 {[%clk 01:10:24]} {[%emt 00:02:40]} 18. Ba6
{[%clk 00:17:32]} {[%emt 00:02:40]} Bh6+ {[%clk 01:02:54]} {[%emt 00:08:00]}
19. Kb1 {[%clk 00:16:18]} {[%emt 00:01:44]} Rxc3 {[%clk 00:57:28]} {[%emt
00:05:55]} 20. Bxb7 {[%clk 00:15:36]} {[%emt 00:01:13]} Bxc2+ {[%clk 00:56:42]}
{[%emt 00:01:16]} 21. Ka1 {[%clk 00:15:45]} {[%emt 00:00:20]} Rxa3 {[%clk
00:56:10]} {[%emt 00:01:02]} 22. Bxa8 {[%clk 00:15:36]} {[%emt 00:00:39]} Ra5
{[%clk 00:54:24]} {[%emt 00:02:16]} 23. Rd8+ {[%clk 00:15:24]} {[%emt
00:00:31]} Kg7 {[%clk 00:54:36]} {[%emt 00:00:29]} 24. Rd5 {[%clk 00:13:51]}
{[%emt 00:02:00]} Rxd5 {[%clk 00:52:37]} {[%emt 00:02:32]} 25. Bxd5 {[%clk
00:14:16]} {[%emt 00:00:05]} Be3 {[%clk 00:50:46]} {[%emt 00:02:21]} 26. Re1
{[%clk 00:13:23]} {[%emt 00:01:19]} Bd4 {[%clk 00:50:54]} {[%emt 00:00:26]} 27.
Be4 {[%clk 00:12:34]} {[%emt 00:01:19]} Bxe4 {[%clk 00:50:21]} {[%emt
00:01:02]} 28. Rxe4 {[%clk 00:12:39]} {[%emt 00:00:26]} f5 {[%clk 00:50:05]}
{[%emt 00:00:46]} 29. Re2 {[%clk 00:13:03]} {[%emt 00:00:06]} Kf6 {[%clk
00:48:46]} {[%emt 00:01:49]} 30. Kb1 {[%clk 00:13:12]} {[%emt 00:00:21]} Ke6
{[%clk 00:48:40]} {[%emt 00:00:37]} 31. Kc2 {[%clk 00:12:59]} {[%emt 00:00:42]}
g5 {[%clk 00:48:41]} {[%emt 00:00:29]} 32. g4 {[%clk 00:11:03]} {[%emt
00:02:26]} h5 {[%clk 00:41:58]} {[%emt 00:07:13]} 33. gxh5 {[%clk 00:10:16]}
{[%emt 00:01:17]} Kf6 {[%clk 00:41:58]} {[%emt 00:00:30]} 34. Kd3 {[%clk
00:09:49]} {[%emt 00:00:57]} Kg7 {[%clk 00:41:35]} {[%emt 00:00:53]} 35. Kc4
{[%clk 00:08:05]} {[%emt 00:02:14]} Kh6 {[%clk 00:40:55]} {[%emt 00:01:10]} 36.
Kd5 {[%clk 00:07:49]} {[%emt 00:00:45]} f4 {[%clk 00:39:24]} {[%emt 00:02:02]}
37. Ke4 {[%clk 00:04:19]} {[%emt 00:03:56]} Kxh5 {[%clk 00:39:08]} {[%emt
00:00:50]} 38. Kf5 {[%clk 00:04:37]} {[%emt 00:00:11]} Kh6 {[%clk 00:37:40]}
{[%emt 00:01:58]} 39. Rg2 {[%clk 00:03:51]} {[%emt 00:01:13]} a5 {[%clk
00:37:39]} {[%emt 00:00:35]} 40. b3 {[%clk 00:03:19]} {[%emt 00:01:01]} 1-0

[Event "DEM U18 2025"]
[Site "Willingen GER"]
[Date "2025.06.10"]
[Round "4"]
[White "Cilo, Selimhan"]
[Black "Sieber, Bert"]
[Result "0-1"]
[Termination "normal"]
[Board "15"]
[WhiteElo "2164"]
[BlackElo "1996"]
[WhiteClock "00:42:42"]
[BlackClock "00:53:11"]
[PlyCount "36"]
[WhiteFideId "16246756"]
[BlackFideId "16265971"]
[EventCountry "GER"]
[EventRounds "9"]
[EventType "swiss"]
[EventDate "2025.06.07"]

1. d4 {[%clk 01:30:58]} d5 {[%clk 01:30:37]} {[%emt 00:00:24]} 2. c4 {[%clk
01:31:22]} {[%emt 00:00:06]} e6 {[%clk 01:30:42]} {[%emt 00:00:24]} 3. Nf3
{[%clk 01:31:46]} {[%emt 00:00:07]} a6 {[%clk 01:30:06]} {[%emt 00:01:06]} 4.
Bf4 {[%clk 01:28:29]} {[%emt 00:03:47]} dxc4 {[%clk 01:23:58]} {[%emt
00:06:39]} 5. e4 {[%clk 01:22:14]} {[%emt 00:06:44]} b5 {[%clk 01:23:06]}
{[%emt 00:01:22]} 6. a4 {[%clk 01:20:27]} {[%emt 00:02:17]} Bb7 {[%clk
01:21:15]} {[%emt 00:02:21]} 7. Qc2 {[%clk 01:00:20]} {[%emt 00:20:36]} Nf6
{[%clk 01:09:59]} {[%emt 00:11:46]} 8. e5 {[%clk 00:58:37]} {[%emt 00:02:14]}
Nd5 {[%clk 01:08:59]} {[%emt 00:01:30]} 9. Bd2 {[%clk 00:56:53]} {[%emt
00:02:14]} Nc6 {[%clk 01:00:05]} {[%emt 00:09:24]} 10. Nc3 {[%clk 00:55:46]}
{[%emt 00:01:36]} Nxd4 {[%clk 00:59:22]} {[%emt 00:01:14]} 11. Nxd4 {[%clk
00:48:39]} {[%emt 00:07:37]} Nb4 {[%clk 00:59:38]} {[%emt 00:00:13]} 12. Qb1
{[%clk 00:47:30]} {[%emt 00:01:39]} Qxd4 {[%clk 00:59:48]} {[%emt 00:00:20]}
13. Be3 {[%clk 00:47:44]} {[%emt 00:00:16]} Qxe5 {[%clk 00:59:25]} {[%emt
00:00:53]} 14. axb5 {[%clk 00:43:48]} {[%emt 00:04:27]} axb5 {[%clk 00:58:59]}
{[%emt 00:00:55]} 15. Rxa8+ {[%clk 00:44:07]} {[%emt 00:00:10]} Bxa8 {[%clk
00:59:24]} {[%emt 00:00:05]} 16. Be2 {[%clk 00:44:20]} {[%emt 00:00:18]} Bd6
{[%clk 00:55:58]} {[%emt 00:03:55]} 17. Qd1 {[%clk 00:42:50]} {[%emt 00:02:01]}
O-O {[%clk 00:53:03]} {[%emt 00:03:24]} 18. Bd4 {[%clk 00:42:42]} {[%emt
00:00:38]} Qxd4 {[%clk 00:53:11]} {[%emt 00:00:23]} 0-1